Sanat - "Orvokkini tummasilmä" - Statistics

Yleistilastot
  • Tätä visaa on pelattu 7 kertaa
  • Keskiarvotulos 28 / 43
Vastaustilastot
Vastaus % Oikein
Orvokkini
100%
sydän
100%
tummasilmä
100%
äidin
83%
aina
83%
katsot
83%
käy
83%
kulta
83%
kun
83%
lempeästi
83%
pieni
83%
tieni
83%
äidilleni
67%
annan
67%
armahaksi
67%
Itse
67%
kaksi
67%
kaunokukkaseni
67%
kukkamaani
67%
luokses
67%
orvokin
67%
tai
67%
tästä
67%
äitikulta
50%
hellimmästä
50%
hoidin
50%
Hoivastasi
50%
iltasella
50%
jonka
50%
kannoin
50%
kitkin
50%
luoja
50%
50%
Noudan
50%
oma
50%
pitkin
50%
rikkaruohot
50%
sain
50%
siunatkohon
50%
sua
50%
sulta
50%
vettä
50%
rantatietä
33%
Ehtoja vastaavia visoja ei löytynyt
Tulosjakauma
Jokaisen tuloksen saaneiden osuus
Persentiili vastausten määrän mukaan
Tuloshistoriasi
Et ole pelannut tätä visaa